000
00370cam a2200169ua 4500
020
_c
1.00
041
_a
mal
_h
082
_a
894.8121
_b
DEV/PA
100
_a
Dev, K V .
245
_a
Palungu Meda /
_c
K V Dev.
_h
Textual Documents
260
_a
:
_b
K V Dev ,
_c
1966.
300
_a
48 ; .
365
_a
1.00
504
_a
942
_c
BK
999
_c
5102
_d
5102